| 000 | 00993cab a22002295a 4500 | ||
|---|---|---|---|
| 001 | L148389 | ||
| 008 | 090914s2009 xxk f 000 0 eng d | ||
| 035 | _a(Sirsi) u148389 | ||
| 041 | 0 | _aeng | |
| 100 | 1 | _aHannah, J. | |
| 245 | 0 | 0 |
_aSurveying _ba profession facing a global crisis? |
| 260 | _c2009 | ||
| 490 |
_aSurvey Review _v41 (313) July 2009, p. 268-278 (11) |
||
| 520 | _aAnalyses the issues linked to the surveying profession around the globe. Examines: what will constitute the core skills of professional surveyors in the medium to long term; what is necessary for the profession to be better recognised; what is required in education to meet the challenges of a changing profession; and what is the best answer to impacts of globalisation on the profession. | ||
| 590 | _aKA | ||
| 651 | 4 | _aInternational | |
| 690 | _aCAREERS, EDUCATION AND TRAINING-CAREERS IN SURVEYING | ||
| 700 | 1 | _aKavanagh, James | |
| 700 | 1 | _aMahoney, Robert | |
| 700 | 1 | _aPlimmer, F. | |
| 942 | _n0 | ||
| 999 |
_c81814 _d81814 |
||